| 000 | 01078cam a2200253 4500 | ||
|---|---|---|---|
| 001 | ABS64306 | ||
| 008 | 010730n2001 000 0 eng u | ||
| 035 | _a(Sirsi) u113844 | ||
| 100 | _aHood, G. | ||
| 245 | _aBack, after a gap | ||
| 260 | _c2001 | ||
| 490 |
_aEstates Gazette _v(0128) 14 July 2001, 132-133(2) |
||
| 520 | _aGap funding is back in an amended form after almost two years. The European Commission approved five new schemes submitted by government and known collectively as the Partnership Support Schemes (PSS). The process now conforms with European rules on state aid. The article questions whether the changes could negatively affect regeneration as many of the schemes approved under the previous Partnership Investment Programme do not qualify under the new programme. | ||
| 590 | _aABS | ||
| 650 | _aEUROPEAN COMMISSION | ||
| 650 | _aDTLR | ||
| 650 | _aPARTNERSHIP SUPPORT SCHEMES | ||
| 650 | _aSTATE AID | ||
| 650 | _aPARTNERSHIP INVESTMENT PROGRAMME | ||
| 650 | _aSMES | ||
| 650 | _aGAP FUNDING | ||
| 690 | _aREGENERATION | ||
| 942 | _n0 | ||
| 999 |
_c67825 _d67825 |
||